000 01056cam a22002891 4500
001 pa 61000013
003 DLC
005 20260227111855.0
008 750711s1960 xx 000 0 eng
010 _apa 61000013
035 _a(OCoLC)1444729
040 _aDLC
_cFU
_dOCoLC
_dDLC
042 _apremarc
043 _an------
_as------
_acl-----
050 0 0 _aZ517
_b.J4
082 _a655.48
100 1 _aJennison, Peter S.
245 1 0 _aBooks in the Americas:
_ba study of the principal barriers to the booktrade in the Americas.
_cPrepared for the American Book Publishers Council by Peter S. Jennison and William H. Kurth.
260 _aWashington,
_bPan American Union,
_c1960.
300 _axii, 165 p.
_c28cm.
490 1 _aEstudios bibliotecarios,
_vno. 2
504 _aBibliography: p. 159-163.
650 0 _aBook industries and trade
_zLatin America.
700 1 _aKurth, William H.,
_d1917-1977,
_ejoint author.
710 2 _aAmerican Book Publishers Council.
810 2 _aColumbus Memorial Library.
_tEstudios bibliotecarios ;
_vno. 2.
999 _c51453
_d51453